000 00756nam a2200253Ia 4500
003 OSt
005 20220926014512.0
006 a|||||r|||| 00| 0
007 ta
008 220923b |||||||| |||| 00| 0 eng d
020 _a007034181
037 _cGeneral Book
040 _aRTL
_cRTL
_beng
041 _2eng
_aeng
082 _aB280bE, L8
100 _aHorton Raymond L
_9320723
245 0 _aGeneral linear model
_b Data analysis in the social and behavioral sciences
260 _aNew York
_bMcGraw-Hill
_c1978
300 _axi,274p.
_ccm.
500 _aBibliography : P267-269; Appendix: P 235-66
650 _aStatistics
_935791
942 _hB280bE, L8
_cGB
_2CC
999 _c629176
_d629176